00133 a2200061 4500100001700000245002100017260003300038 aV. Rajendran aMaterial Science bMcGraw Hill Higher Education